Nuevo Centro Urbano de Ciruelas de Alajuela : nodo habitacional y de uso mixto - Corredor Urbano San Rafael - Turrúcares
Salvato in:
| Autore principale: | |
|---|---|
| Altri autori: | |
| Natura: | Libro |
| Lingua: | Spanish |
| Pubblicazione: |
[San José, Costa Rica]
2014
|
| Soggetti: | |
| Accesso online: | https://cedi.ucr.ac.cr/arquitectura/nuevo-centro-urbano-de-ciruelas-de-alajuela-nodo-habitacional-y-de-uso-mixto-corredor-urbano-san-rafael-turrucares/ |
| Tags: |
Aggiungi Tag
Nessun Tag, puoi essere il primo ad aggiungerne!!
|
MARC
| LEADER | 00000nam a2200000Ia 4500 | ||
|---|---|---|---|
| 003 | EA0102 | ||
| 005 | 20231005161719.0 | ||
| 008 | 140114s2014 cr a 000 ||spa d | ||
| 040 | |c cru CEDI | ||
| 090 | |a TFG EA-102 | ||
| 100 | |a Obando Fernández, Alex Steven |9 20156 | ||
| 245 | |a Nuevo Centro Urbano de Ciruelas de Alajuela : nodo habitacional y de uso mixto - Corredor Urbano San Rafael - Turrúcares | ||
| 260 | |a [San José, Costa Rica] |c 2014 | ||
| 500 | |a Proyecto de graduación (licenciatura en arquitectura)--Universidad de Costa Rica. Facultad de Ingeniería. Escuela de Arquitectura | ||
| 501 | |a Director de Proyecto de Graduación : M.Sc. Jorge Evelio Ramírez Sánchez | ||
| 650 | |x URBANISMO - ALAJUELA (COSTA RICA) |x ESPACIOS PUBLICOS - DISEÑO Y PLANOS - ALAJUELA (COSTA RICA) |x DESARROLLO URBANO - ALAJUELA (COSTA RICA) |x DISEÑO ARQUITECTONICO - ALAJUELA (COSTA RICA) |x DISEÑO URBANO - ALAJUELA (COSTA RICA) |x ARQUITECTURA - DISEÑOS Y PLANOS |9 2819 | ||
| 700 | |9 101 |a Ramírez Sánchez, Jorge Evelio, 1948- |d Director del TFG | ||
| 856 | |u https://cedi.ucr.ac.cr/arquitectura/nuevo-centro-urbano-de-ciruelas-de-alajuela-nodo-habitacional-y-de-uso-mixto-corredor-urbano-san-rafael-turrucares/ |y https://cedi.ucr.ac.cr/arquitectura/nuevo-centro-urbano-de-ciruelas-de-alajuela-nodo-habitacional-y-de-uso-mixto-corredor-urbano-san-rafael-turrucares/ | ||
| 942 | |c CEDI |2 ddc | ||
| 999 | |c 15940 |d 15940 | ||
